La salamandra

Uloženo v:
Podrobná bibliografie
Hlavní autor: West, Morris (Autor)
Médium: Kniha
Jazyk:španělština
Vydáno: Barcelona Plaza & Janés 1973
Témata:
Tagy: Přidat tag
Žádné tagy, Buďte první, kdo vytvoří štítek k tomuto záznamu!

MARC

LEADER 00000nam a2200000 a 4500
001 UCQ2471
003 CL-VaPUC
008 980724e19730000SP |||||||||||||||||spa|d
082 0 4 |a A823  |b WES  |2 21 
100 0 |a West, Morris  |e author  |9 416389 
245 1 3 |a La salamandra 
300 |a 315 p 
942 |c BK 
945 |d 19980724 00:00:00  |a crobeson 
260 |a Barcelona  |b Plaza & Janés  |c 1973 
650 0 |a Novelas australianas  |9 315909 
650 0 |a Literatura australiana  |9 353685 
583 |a last modification  |c 20110913 04:39:49  |k Rodrigo Vera 
999 |c 273290  |d 273288 
952 |0 0  |1 0  |4 0  |6 A_823_000000000000000_WES_1973  |7 0  |8 A  |9 308716  |a BIBEDU  |b BIBEDU  |d 2019-11-20  |i 144591K  |o A823 WES 1973  |p 144591K  |r 2019-11-20  |w 2019-11-20  |y BK  |k LIT